| 000 | 01072nam a2200325Ia 4500 | ||
|---|---|---|---|
| 001 | Z_3096 | ||
| 003 | CHAP | ||
| 008 | 220113s1985 xx 000 0 und d | ||
| 010 | _a166195 | ||
| 020 | _a968-426-332-5 | ||
| 040 | _cCHAP | ||
| 082 | _a616.079 I56 | ||
| 245 |
_aInmunología básica y clínica / _cDaniel P Stites...[et al.]; traducción actualizada de la 5a ed. Victor de la Garza Estrada; revisión de los cambios en la traducción de la 5a ed. Jesús Pérez Martín |
||
| 250 | _a5a ed. | ||
| 260 |
_aMéxico : _bEl Manual Moderno, _c1985 |
||
| 300 | _a842 p. | ||
| 500 | _aTraducción de la obra en inglés : Basic and clinical inmunology de 1984 | ||
| 503 | _aej.1: 133433 \ ej.2: 133434 | ||
| 504 | _aBibliografía: p. 793 - 812 | ||
| 650 |
_aInmunología _958818 |
||
| 700 |
_a Garza Estrada, Victor de la, tr. _9140249 |
||
| 700 | 1 |
_aPérez Martin, Jesús _etraductor _9140250 |
|
| 700 |
_aStites, Daniel P., aut. _9140251 |
||
| 901 | _a616.079 I56 | ||
| 902 | _aM | ||
| 910 | _a1985 | ||
| 942 | _c1 | ||
| 942 | _cc1 | ||
| 999 |
_c166195 _d166195 |
||